000 00807nam a22002297a 4500
999 _c11382
_d11382
003 AR-CdUCM
008 190403b ||||| |||| 00| 0 spa d
040 _aMUNICIPALIDAD PROVINCIAL DEL CUSCO
_cBIBLIOTECA MUNICIPAL DEL CUSCO
041 _hger
082 _a372 /
_bL764 / 1943
_23ed.
100 _aLipmann, Otto
_928710
245 _aPsicología para maestros /
260 _aBuenos Aires :
_bLosada,
_c1943.
300 _a252 páginas ;
440 _aBiblioteca Pedagógica
_n7
_928711
505 _aContenido: Psicología y pedagogía -- Objeto y procedimiento de la psicología y de la psicología pedagógica -- Sensaciones ...
650 _aPsicologia
_91538
650 _aPedagogía
_91560
700 _aMira y López, Emilio y Lopez (traductor)
_928712
942 _2ddc
_cLIBROS
945 _acmm